00361nam a22001337a 4500008004100000020001500041082001300056100002500069245004000094260004100134300000900175650002300184650002000207200129b xxu||||| |||| 00| 0 eng d a9994698443 a823/E44a aEdingo, Dilli bikram aAn angel in the wilderness: stories aLalitpur:bGyanodaya college,c2006. a80p. aEnglish literature aEnglish stories